000 00674cam a2200241 4500
001 28260
005 20220405165301.0
090 _a28260
095 _aPTBN00351262
100 _a20070905d1988 a y0pory5003 ba
101 0 _apor
102 _aPT
930 _lBECRE
700 1 _aSoares,
_bLuísa Ducla,
_f1939-
_92431
702 1 _aCayatte,
_bHenrique,
_f1957-
_4440
998 _aBN883-00204
200 1 _aO dr. Lauro e o dinossauro
_fLuísa Ducla Soares
_gil. Henrique Cayatte
210 _a[Lisboa]
_cLivros Horizonte,
_d[D.L. 1988]
215 _a[20] p.
_cil.
_d20 cm
225 2 _aRosa dos ventos
532 1 2 _aO doutor Lauro e o dinossauro
801 0 _aPT
_bBN
_gRPC
990 _cLIVROS